Qué debe saber un ejecutivo sobre automatización de oficinas / (Record no. 50835)

MARC details
000 -LEADER
campo de control de longitud fija 00588nam a2200193 i 4500
001 - NÚMERO DE CONTROL
campo de control 50835
003 - IDENTIFICADOR DE NÚMERO DE CONTROL
campo de control ES-MaACL
005 - FECHA Y HORA DE LA ÚLTIMA TRANSACCIÓN
campo de control 20230906162238.0
007 - CAMPO FIJO DE DESCRIPCIÓN FÍSICA--INFORMACIÓN GENERAL
campo de control de longitud fija t|
008 - DATOS DE LONGITUD FIJA--INFORMACIÓN GENERAL
campo de control de longitud fija 030807s1985 sp ||||1| spa d
020 ## - NÚMERO INTERNACIONAL ESTÁNDAR DEL LIBRO
Número Internacional Estándar del Libro 84-234-0595-8
100 1# - ENTRADA PRINCIPAL--NOMBRE DE PERSONA
Nombre de persona Curran, Susan.
9 (RLIN) 42226
245 10 - MENCIÓN DEL TÍTULO
Título Qué debe saber un ejecutivo sobre automatización de oficinas /
Mención de responsabilidad, etc. Susan Curran y Horace Mitchell ; traducción Diorki.
260 ## - PUBLICACIÓN, DISTRIBUCIÓN, ETC.
Lugar de publicación, distribución, etc. Bilbao :
Nombre del editor, distribuidor, etc. Deusto,
Fecha de publicación, distribución, etc. [1985]
300 ## - DESCRIPCIÓN FÍSICA
Extensión 176 p. ;
Dimensiones 23 cm.
700 1# - ENTRADA AGREGADA--NOMBRE PERSONAL
Nombre de persona Mitchell, Horace.
9 (RLIN) 81673
710 2# - ENTRADA AGREGADA--NOMBRE DE ENTIDAD CORPORATIVA
Nombre de entidad corporativa o nombre de jurisdicción como elemento de entrada Diorki.
9 (RLIN) 3392
852 ## - LOCALIZACIÓN
Ubicación ES-MaACL
Número de control de estantería L-8940
Sublocalización o colección R.110617
Holdings
Estatus retirado Estado de pérdida Estado de daño No para préstamo Biblioteca de origen Biblioteca actual Ubicación en estantería Fecha de adquisición Fuente de adquisición Total de préstamos Signatura topográfica completa Código de barras Visto por última vez Precio de reemplazo Tipo de ítem Koha
        Biblioteca del Ateneo de Madrid Biblioteca del Ateneo de Madrid Depósito 2 17/01/2008     L-8940 1053465 23/02/2023 23/02/2023 Libro impreso